Knitted Animals Quiz Stats

 Plays Quiz Updated Mar 21, 2015

Challenge
Share
Tweet
Score 0/24 Timer 03:00
0 Plays Today
% Correct
pig
99.8%
owl
98.7%
zebra
98.7%
tiger
98.1%
seal
97.8%
snail
97.3%
lion
97.1%
octopus
97%
elephant
96.9%
turtle
96.7%
sheep
96.6%
gorilla
95.9%
% Correct
bulldog
94.9%
alligator
93.6%
dragonfly
92.6%
clownfish
91%
squirrel
90.2%
stegosaurus
88%
goat
87.8%
praying mantis
84.4%
chipmunk
70.5%
narwhal
66.5%
gecko
63.9%
kiwi
56.7%

You're not logged in!

Compare scores with friends on all Sporcle quizzes.
Join for Free
OR
Log In

You Might Also Like...

Show Comments

Extras

Top Quizzes Today


Score Distribution

Your Account Isn't Verified!

In order to create a playlist on Sporcle, you need to verify the email address you used during registration. Go to your Sporcle Settings to finish the process.

Report this User

Report this user for behavior that violates our Community Guidelines.

Details: